|
|
|
|
| LEADER |
02391nam a2200673 a 4500 |
| 001 |
nkc20122427954 |
| 003 |
CZ PrNK |
| 005 |
20130305082714.0 |
| 007 |
ta |
| 008 |
121127s2012 xr e 000 0 cze |
| 015 |
|
|
|a cnb002427954
|
| 020 |
|
|
|a 978-80-87239-22-3
|q (brož.)
|
| 035 |
|
|
|a (OCoLC)827261273
|
| 040 |
|
|
|a ABA001
|b cze
|
| 041 |
1 |
|
|a cze
|h eng
|
| 072 |
|
7 |
|a 27-5
|x Liturgie. Křesťanské umění a symbolika. Duchovní život
|2 Konspekt
|9 5
|
| 080 |
|
|
|a 27-587.5
|2 MRF
|
| 080 |
|
|
|a 2-534.6
|2 MRF
|
| 080 |
|
|
|a 159.963.3
|2 MRF
|
| 080 |
|
|
|a 13
|2 MRF
|
| 080 |
|
|
|a 2-423.3-544.7
|2 MRF
|
| 080 |
|
|
|a 2-587.5-051
|2 MRF
|
| 080 |
|
|
|a 2-534.6-051
|2 MRF
|
| 080 |
|
|
|a 27-277.2
|2 MRF
|
| 080 |
|
|
|a 27-277
|2 MRF
|
| 080 |
|
|
|a (049)
|2 MRF
|
| 100 |
1 |
|
|a Goll, Jim W.,
|d 1952-
|7 ola2009507955
|4 aut
|
| 245 |
1 |
0 |
|a Vidoucí :
|b prorocká moc vidění, snů a otevřených nebes /
|c James W. Goll ; [překlad Dan Drápal]
|
| 250 |
|
|
|a 1. vyd.
|
| 260 |
|
|
|a Mělník :
|b Juda,
|c 2012
|
| 300 |
|
|
|a 192 s. ;
|c 21 cm
|
| 500 |
|
|
|a Přeloženo z angličtiny
|
| 504 |
|
|
|a Obsahuje bibliografické odkazy
|
| 650 |
0 |
7 |
|a duchovní vidění
|7 ph119639
|2 czenas
|
| 650 |
0 |
7 |
|a proroctví
|7 ph124650
|2 czenas
|
| 650 |
0 |
7 |
|a sny
|7 ph125733
|x duchovní aspekty
|2 czenas
|
| 650 |
0 |
7 |
|a duchovní rozlišování
|7 ph353331
|2 czenas
|
| 650 |
0 |
7 |
|a vizionáři
|7 ph127119
|2 czenas
|
| 650 |
0 |
7 |
|a proroci
|7 ph162848
|2 czenas
|
| 650 |
0 |
7 |
|a biblická interpretace
|7 ph118847
|2 czenas
|
| 650 |
0 |
7 |
|a biblické citáty
|7 ph118853
|2 czenas
|
| 650 |
0 |
9 |
|a spiritual visions
|2 eczenas
|
| 650 |
0 |
9 |
|a prophecies
|2 eczenas
|
| 650 |
0 |
9 |
|a dreams
|x spiritual aspects
|2 eczenas
|
| 650 |
0 |
9 |
|a spiritual discernment
|2 eczenas
|
| 650 |
0 |
9 |
|a visionaries
|2 eczenas
|
| 650 |
0 |
9 |
|a prophets
|2 eczenas
|
| 650 |
0 |
9 |
|a Biblical interpretation
|2 eczenas
|
| 650 |
0 |
9 |
|a Biblical quotations
|2 eczenas
|
| 655 |
|
7 |
|a pojednání
|7 fd133056
|2 czenas
|
| 655 |
|
9 |
|a essays
|2 eczenas
|
| 765 |
0 |
|
|t Seer
|9 Česky
|
| 910 |
2 |
|
|a BOA001
|b 2-1294.687
|
| 990 |
|
|
|a BK
|
| 995 |
|
|
|a 01
|
| 991 |
|
|
|b 201212
|c NOV
|e n
|
| 996 |
6 |
|
|b 2610530004
|c 2-1294.687
|l MZK
|r Sklad / do 1 hodiny
|n 4
|p p.v.
|w 001301684
|u 000010
|a 1
|e BOA001
|j MZK50
|s P
|
| 996 |
6 |
|
|b 2610541492
|c 2-1294.687
|l MZK
|r HSS 4p
|n 0
|p kup
|h 27-5 GOL
|w 001301684
|u 000020
|a 0
|e BOA001
|j MZK50
|s P
|
| 996 |
7 |
|
|b 2610541493
|c 2-1294.687
|l MZK
|r Sklad / do 1 hodiny
|n 13
|p kup
|w 001301684
|u 000030
|a 1
|e BOA001
|j MZK50
|s A
|